Advanced Concepts In Operating Systems (Record no. 206130)

MARC details
000 -LEADER
fixed length control field 00503nam a2200157Ia 4500
008 - FIXED-LENGTH DATA ELEMENTS--GENERAL INFORMATION
fixed length control field 230714s9999 xx 000 0 und d
041 ## - LANGUAGE CODE
Language code of text/sound track or separate title eng
082 ## - DEWEY DECIMAL CLASSIFICATION NUMBER
Classification number 005.43
Item number SIN
100 ## - MAIN ENTRY--PERSONAL NAME
Personal name Singhal M.
9 (RLIN) 107147
245 ## - TITLE STATEMENT
Title Advanced Concepts In Operating Systems
Remainder of title Distributed, Database And Multiprocessor Operating Systems
260 ## - PUBLICATION, DISTRIBUTION, ETC. (IMPRINT)
Name of publisher, distributor, etc. Tata McGraw-Hill
300 ## - PHYSICAL DESCRIPTION
Extent 522
365 ## - TRADE PRICE
Currency code Rs.
Price amount 465.00
700 ## - ADDED ENTRY--PERSONAL NAME
Personal name Singhal M. & Shivaratri N.G.
9 (RLIN) 107149
906 ## - LOCAL DATA ELEMENT F, LDF (RLIN)
d O:0280419-Apr-2012B:7417-Apr-2012
c COMP
b 930

No items available.